|
|
|
|
| LEADER |
00000naa2a2200000 4500 |
| 001 |
426332 |
| 005 |
20231101074518.0 |
| 035 |
|
|
|a (RuTPU)RU\TPU\prd\85067
|
| 035 |
|
|
|a RU\TPU\prd\41709
|
| 090 |
|
|
|a 426332
|
| 100 |
|
|
|a 20100702a2005 k y0rusy50 ca
|
| 101 |
0 |
|
|a rus
|
| 102 |
|
|
|a RU
|
| 200 |
1 |
|
|a Раработка и использование специальных измерительных средств для контроля оборудования АЭС с ВВЭР
|f А. В. Селезнев [и др.]
|
| 225 |
1 |
|
|a Статьи
|
| 461 |
|
0 |
|0 (RuTPU)RU\TPU\prd\33
|x 0004-7163
|t Атомная энергия
|o теоретический и научно-технический журнал
|f Российская академия наук ; Министерство РФ по атомной энергии, ядерного общества
|d 1956-
|
| 463 |
|
0 |
|0 (RuTPU)RU\TPU\prd\85058
|t Т. 99, вып. 6
|v с. 466-470
|d 2005
|
| 610 |
1 |
|
|a измерительные средства
|
| 610 |
1 |
|
|a разработка
|
| 610 |
1 |
|
|a изготовление
|
| 610 |
1 |
|
|a использование
|
| 610 |
1 |
|
|a атомные электрические станции
|
| 610 |
1 |
|
|a оборудование
|
| 610 |
1 |
|
|a пусконаладочный контроль
|
| 610 |
1 |
|
|a эксплуатационный контроль
|
| 610 |
1 |
|
|a характеристики
|
| 610 |
1 |
|
|a пульсация давления
|
| 610 |
1 |
|
|a статическое давление теплоносителя
|
| 610 |
1 |
|
|a вибрационные ускорения
|
| 610 |
1 |
|
|a статические напряжения
|
| 610 |
1 |
|
|a динамические напряжения
|
| 610 |
1 |
|
|a деформация оборудования
|
| 610 |
1 |
|
|a температура теплоносителя
|
| 610 |
1 |
|
|a температура оборудования
|
| 610 |
1 |
|
|a расход теплоносителя
|
| 610 |
1 |
|
|a расход охлаждающего воздуха
|
| 610 |
1 |
|
|a каналы регулирования реактивности
|
| 610 |
1 |
|
|a водо-водяные энергетические реакторы
|
| 675 |
|
|
|a 621.039.55
|v 3
|
| 701 |
|
1 |
|a Селезнев
|b А. В.
|
| 701 |
|
1 |
|a Хайретдинов
|b В. У.
|
| 701 |
|
1 |
|a Падеров
|b М. М.
|
| 701 |
|
1 |
|a Тарханов
|b В. В.
|
| 701 |
|
1 |
|a Вахрушев
|b П. А.
|
| 801 |
|
1 |
|a RU
|b 63413507
|c 20060302
|g PSBO
|
| 801 |
|
2 |
|a RU
|b 63413507
|c 20100702
|g PSBO
|
| 942 |
|
|
|c BK
|